000 01059nam a2200301Ia 4500
001 48106
003 IT-RoPAU
008 130308s9999 xx 000 0 und d
040 _aIT-RoPAU
040 _cIT-RoPAU
041 _aITALIANO
100 _aGuglielminetti Marziano
100 _gCodice Aut. SPICS: 18540
245 _aProfilo culturale del Cinquecento
245 _bStoria della Pittura-05-Il Cinquecento Italiano
250 _a1a ed.
260 _aNOVARA
260 _bDe Agostini
260 _c1985 [1° Ed.:1985 - Ed.Ling.Originale:1985]
300 _a"12 p. (prefazione: no ; testo: 12 [pagine: 297-308])"
500 _aRicerca del Nuovo Nuova configurazione Politica dell'Europa conflitto Religioso riforma e Controriforma libri di Viaggio dottrine politiche pensiero Filosofico Epica Lirica e Prosa Narrativa Teatro e Musica ipotesiCopernicana e Nuovo Sperimentalismo Scientifico
650 _aENCICLOPEDIE DI PITTURA
650 _eCodice materia Spics: 5201
942 _cBK
957 _71
999 _c47870
_d47870
999 _bSI
999 _g1